Diplomatari de l'Arxiu Capitular de la Catedral de Barcelona : segle XI / edició i estudi a cura de Josep Baucells i Reig .. [et al.] segle XI / edició i estudi a cura de Josep Baucells i Reig .. [et al.]

ISBN: 84-9779-405-2
Publicat: Barcelona : Fundació Noguera , 2006
Descripció física: 5 v. (2927 p.) ; 24 cm

MARC

LEADER 00000nam a2200000Ia 4500
001 18202, 18203, 18204, 18205, 18206
008 160829s2006 xx 000 0 cat d
020 |a 84-9779-405-2 
080 |a A-2-268, A-2-269, A-2-270, A-2-271, A-2-272 
245 |a Diplomatari de l'Arxiu Capitular de la Catedral de Barcelona :  |b  segle XI / edició i estudi a cura de Josep Baucells i Reig .. [et al.] 
260 |a Barcelona :  |b Fundació Noguera,  |c 2006 
300 |a 5 v. (2927 p.) ;  |c 24 cm 
490 |a Diplomataris ; 37 ; 38 ; 39 ; 40 ; 41 
590 |a Text en català i llatí 
650 |a Catedral de Barcelona. Arxiu Capitular  |x Catàlegs   |9 27988 
650 |a Barcelona  |x Història  |x Fonts   |9 48851 
650 |a Manuscrits catalans  |x Barcelona  |x Catàlegs I  |9 27990 
650 |a Manuscrits llatins medievals i moderns  |x Barcelona  |x Catàlegs  |9 27991 
700 1 |a Baucells i Reig, Josep  |e editor literari  |9 25960 
700 |a Fundació Noguera   |9 70407 
866 |a 1, 2, 3, 4, 5 
901 |a Arxiu 
942 |n 1  |2 udc 
952 |0 0  |1 0  |4 0  |6 A2268_A2269_A2270_A2271_A2272  |7 1  |9 44626  |a Arxiu  |b Arxiu  |d 2016-12-01  |l 0  |o A-2-268, A-2-269, A-2-270, A-2-271, A-2-272  |p 18202, 18203, 18204,  |r 2016-12-01 00:00:00  |w 2016-12-01  |y ARXIU 
999 |c 47207  |d 47207